Research methodology in economics : problems and issues

Bibliographic Details
Main Author: Dasgupta, Manas
Other Authors: Bell Jr, James S
Format: Book
Published: New Delhi : Deep & Deep Publications , 2007
Subjects:

MARC

LEADER 00000cam a2200000 7i4500
001 0000018701
005 20080616.0
008 080610
020 |a 8176299022 
090 0 0 |a 330   |b DAS 
100 1 |a Dasgupta, Manas 
245 1 0 |a Research methodology in economics :   |b problems and issues   |c Manas Dasgupta 
260 |a New Delhi :   |b Deep & Deep Publications ,   |c 2007 
650 0 |a Economics   |x Methodology 
650 0 |a Economics   |x Research 
700 1 |a Bell Jr, James S 
999 |a 0001019842   |b Book   |c Adult Collection   |e Perbadanan Perpustakaan Awam Johor 
999 |a 0001022780   |b Book   |c Adult Collection   |e Perbadanan Perpustakaan Awam Johor 
999 |a 0001152728   |b Book   |c Adult Collection   |e Cawangan Sri Merlong